000 00425nam a2200181Ia 4500
001 9451
005 20260306161719.0
008 260306t2001||||xx |||||||||||||| ||spa||
041 _aESP
082 _a379
_bT21
100 _aTapia Fernández, Abel
_eAUT
245 0 _aEducación y desarrollo humano
260 _c2001
300 _a145 páginas :
_c22 cm.
650 _aGEN
654 _aCED
942 _cLIB
_dJUS
_fJUS
_2ddc
_n
999 _c9451
_d9451